[Event "47th GRE-chT 2019"]
[Site "Patra"]
[Date "2019.07.05"]
[Round "6.11"]
[White "Navara, David"]
[Black "Saric, Ivan"]
[Result "1/2-1/2"]
[WhiteElo "2734"]
[BlackElo "2681"]
[Annotator "TA"]
[PlyCount "128"]
[EventDate "2019.07.02"]
[EventCountry "GRE"]
[SourceTitle "playchess.com"]
[Source "ChessBase"]
[SourceQuality "1"]

{[%evp 30,128,18,30,25,0,0,0,0,0,8,9,10,6,9,0,0,0,0,0,0,0,0,0,35,11,16,19,156,31,34,20,15,22,36,50,209,208,208,206,192,168,200,-5908,73,67,171,94,154,77,193,0,0,0,75,24,24,24,24,24,24,24,24,24,30,32,78,26,32,0,0,0,0,0,0,0,0,0,0,0,20,0,0,0,8,0,0,0,0,-7,-7,-8,-8,-8,-8,-8,-8,-8,-8,-8,-8]} 1. e4 c5 2. Nf3 d6 3. d4 cxd4 4. Nxd4 Nf6 5. Nc3 a6 6. Bg5 Nc6 7. Qd2 e6 8. O-O-O Bd7 9. f4 Be7 10. Nf3 b5 11. Bxf6 gxf6 12. f5 Qb6 13. Kb1 O-O-O 14. g3 Kb8 15. fxe6 fxe6 16. Bh3 Na5 {[%cal Bc6a5,Ba5c4,Bc4a3,Ba3c2][%mdl 32] B69: Sicilian: Richter-Rauzer: 7...a6 8 0-0-0 Bd7 9 f4 Be7 10 Nf3 b5 11 Bxf6} 17. Nd4 (17. Rhe1 b4 18. Ne2 e5 19. Bxd7 Rxd7 20. Qd5 Rc8 21. b3 Rdc7 22. Rd2 Nc6 23. Nh4 Na7 24. Nf5 {0-1 (60) Le,Q (2715)-Gupta,A (2588) Douglas 2018}) 17... b4 $1 {[%cal Rb4c3]} 18. Nce2 e5 19. Bxd7 Rxd7 20. Nf5 Nc4 21. Qd3 Rc8 22. Ka1 {[#]} Bf8 $146 ({Predecessor:} 22... a5 23. b3 Na3 24. c4 {0-1 (32) Kollars,D (2567)-Thybo,J (2517) Aarhus 2019}) 23. b3 $36 {[%mdl 2048] White has the initiative.} Na3 24. c4 bxc3 25. Nxc3 {Strongly threatening Nd5.} d5 26. Nxd5 Qf2 {...Rc2 is the strong threat.} 27. Rhf1 Nc2+ 28. Kb2 Ba3+ $1 29. Kb1 Qc5 $1 {[#]} 30. Nfe7 $1 {[%cal Re7c8][%mdl 512]} Rxe7 31. Nxe7 Qxe7 32. Qxa6 Qb7 $2 (32... Bb4 $1 $14 33. Qb6+ Qb7 34. Qxb7+ Kxb7 35. Rd7+ Kc6 36. Rxh7 Na3+ 37. Kb2 Rd8) 33. Qxb7+ $18 ({Weaker is} 33. Qxf6 Qc7 $11) 33... Kxb7 34. Rd7+ ({Not} 34. Rxf6 Rc7 $14) 34... Kb8 {And now ...Ne3 would win.} 35. Rxf6 Nb4 {[%csl Ga3][%cal Rc8c1]} 36. Rb6+ (36. Rf1 $18 {has better winning chances.}) 36... Ka8 $16 {[%csl Ga3][%cal Rc8c1]} 37. Rd1 {Black must now prevent Rf1.} Ka7 (37... Rf8 $1 $14) 38. Re6 ({White should try} 38. Rh6 $18) 38... Nd3 (38... Nc6 $142 39. Rd7+ Kb8) 39. Rf1 (39. g4 $142) 39... h5 (39... Bb4 $16) 40. Rh6 $2 (40. Rf7+ $18 Kb8 41. Rb6+ Ka8 42. Ra6+ Kb8 43. Rb6+ Ka8 44. Ra6+ Kb8 45. Rf1) 40... Nf2 $1 $11 41. Re6 Rc5 {[#]} (41... Nd3 $11) 42. h3 ({White should play} 42. Re8 $1 $16) 42... Kb7 $1 43. g4 hxg4 44. hxg4 Nxg4 45. Rf7+ Rc7 46. Rxc7+ Kxc7 47. Kc2 Bc5 48. Kd3 (48. a4 $16) 48... Bd4 49. Ke2 Nf2 {The position is equal.} 50. Kf3 Nd3 51. Rh6 Nc1 52. Rh2 {aiming for Rc2+.} Kb6 53. Kg4 Nd3 54. Kf5 Nb4 55. Ke6 Kc6 56. Ke7 Bc5+ 57. Kd8 Bd4 58. Rd2 Bc3 59. Rd7 {Threatens to win with Rc7+.} Bd4 60. a4 Na6 61. Kc8 Nc5 {[%mdl 64] Double Attack} 62. Rc7+ Kb6 63. Rh7 Ka5 64. Kc7 Nxb3 {Accuracy: White = 46%, Black = 71%.} 1/2-1/2

[Event "47th GRE-chT 2019"]
[Site "Patra"]
[Date "2019.07.05"]
[Round "6.11"]
[White "Nevednichy, Vladislav"]
[Black "Balogh, Csaba"]
[Result "1/2-1/2"]
[WhiteElo "2531"]
[BlackElo "2587"]
[Annotator "ChessBase"]
[PlyCount "125"]
[EventDate "2019.07.02"]
[EventCountry "GRE"]
[SourceTitle "playchess.com"]
[Source "ChessBase"]
[SourceQuality "1"]
[TimeControl "5400+30"]

1. e4 {[%emt 0:00:00]} e5 {[%emt 0:00:00]} 2. Nf3 {[%emt 0:00:00]} Nc6 {[%emt 0:00:00]} 3. Bc4 {[%emt 0:00:00]} Bc5 {[%emt 0:00:05]} 4. d3 {[%emt 0:00:04]} Nf6 {[%emt 0:00:25]} 5. O-O {[%emt 0:00:21]} d6 {[%emt 0:00:53]} 6. c3 {[%emt 0:00:11]} a6 {[%emt 0:00:45]} 7. a4 {[%emt 0:00:28]} O-O {[%emt 0:00:23]} 8. Re1 {[%emt 0:10:00]} h6 {[%emt 0:00:55]} 9. h3 {[%emt 0:02:55]} Ba7 {[%emt 0:00:21]} 10. Nbd2 {[%emt 0:00:51]} Re8 {[%emt 0:00:13]} 11. Nf1 {[%emt 0:02:36]} Be6 {[%emt 0:00:39]} 12. Bxe6 {[%emt 0:00:35]} Rxe6 {[%emt 0:00:06]} 13. Ng3 {[%emt 0:06:52]} d5 {[%emt 0:01:42]} 14. Qc2 {[%emt 0:01:48]} Qd7 {[%emt 0:22:06]} 15. b4 {[%emt 0:05:44]} dxe4 {[%emt 0:15:34]} 16. dxe4 {[%emt 0:00:50]} Rd8 {[%emt 0:00:07]} 17. Bb2 {[%emt 0:05:52]} b5 {[%emt 0:12:42]} 18. Red1 {[%emt 0:06:46]} Rd6 {[%emt 0:00:46]} 19. Rxd6 {[%emt 0:00:09]} Qxd6 {[%emt 0:01:06]} 20. axb5 {[%emt 0:01:07]} axb5 {[%emt 0:00:03]} 21. Qe2 {[%emt 0:00:23]} Qd3 {[%emt 0:01:18]} 22. Kf1 {[%emt 0:02:49]} Qxe2+ {[%emt 0:00:45]} 23. Kxe2 {[%emt 0:00:08]} Bb6 {[%emt 0:00:08]} 24. Bc1 {[%emt 0:04:55]} Nd7 {[%emt 0:11:30]} 25. Ne1 {[%emt 0:05:20]} f6 {[%emt 0:03:01]} 26. h4 {[%emt 0:02:30]} Kf7 {[%emt 0:00:05]} 27. h5 {[%emt 0:00:20]} Ne7 {[%emt 0:00:41]} 28. Nd3 {[%emt 0:01:08]} Nc8 {[%emt 0:12:35]} 29. f3 {[%emt 0:09:32]} Nd6 {[%emt 0:01:12]} 30. Nf5 {[%emt 0:03:44]} Nxf5 {[%emt 0:07:04]} 31. exf5 {[%emt 0:00:05]} Ke7 {[%emt 0:00:01]} 32. g4 {[%emt 0:05:06]} Kd6 {[%emt 0:00:34]} 33. Nb2 {[%emt 0:02:51]} Kc6 {[%emt 0:01:57]} 34. Bd2 {[%emt 0:01:15]} Kb7 {[%emt 0:00:23]} 35. Nd3 {[%emt 0:00:22]} Re8 {[%emt 0:03:00]} 36. Ne1 {[%emt 0:07:19]} c5 {[%emt 0:02:16]} 37. Nc2 {[%emt 0:01:45]} cxb4 {[%emt 0:00:54]} 38. Nxb4 {[%emt 0:00:38]} e4 {[%emt 0:01:08]} 39. f4 {[%emt 0:04:06]} e3 {[%emt 0:00:04]} 40. Be1 {[%emt 0:00:00]} Bc5 {[%emt 0:00:00]} 41. Ra5 {[%emt 0:00:00]} Bxb4 {[%emt 0:00:00]} 42. Rxb5+ {[%emt 0:00:00]} Kc6 {[%emt 0:00:00]} 43. Rxb4 {[%emt 0:00:00]} Nb6 {[%emt 0:00:00]} 44. Kf3 {[%emt 0:00:00]} Kc5 {[%emt 0:00:00]} 45. Re4 {[%emt 0:00:00]} Rxe4 {[%emt 0:00:00]} 46. Kxe4 {[%emt 0:00:00]} Nd5 {[%emt 0:00:00]} 47. Kd3 {[%emt 0:00:00]} e2 {[%emt 0:00:00]} 48. Kxe2 {[%emt 0:00:00]} Kc4 {[%emt 0:00:00]} 49. Kf3 {[%emt 0:00:00]} Nxc3 {[%emt 0:00:00]} 50. Bd2 {[%emt 0:00:15]} Kd4 {[%emt 0:00:00]} 51. Bc1 {[%emt 0:01:32]} Nb5 {[%emt 0:00:00]} 52. Be3+ {[%emt 0:05:37]} Kd5 {[%emt 0:00:00]} 53. Bd2 {[%emt 0:00:23]} Nd6 {[%emt 0:02:26]} 54. Bb4 {[%emt 0:00:10]} Kc6 {[%emt 0:00:10]} 55. Ke3 {[%emt 0:00:54]} Kd5 {[%emt 0:00:02]} 56. Kf3 {[%emt 0:01:44]} Kc6 {[%emt 0:00:03]} 57. Ba5 {[%emt 0:00:33]} Nb7 {[%emt 0:00:06]} 58. Bc3 {[%emt 0:00:20]} Nd6 {[%emt 0:00:23]} 59. g5 {[%emt 0:01:31]} Nxf5 {[%emt 0:02:48]} 60. gxf6 {[%emt 0:02:00]} gxf6 {[%emt 0:00:04]} 61. Bxf6 {[%emt 0:00:16]} Kd5 {[%emt 0:00:13]} 62. Bc3 {[%emt 0:00:29]} Ke6 {[%emt 0:00:20]} 63. Be1 {[%emt 0:01:04] Ke5 Ke4+} 1/2-1/2

[Event "47th GRE-chT 2019"]
[Site "Patra"]
[Date "2019.07.05"]
[Round "6.12"]
[White "Pavlidis, Antonios"]
[Black "Nikolaidis, Ioannis"]
[Result "1/2-1/2"]
[WhiteElo "2549"]
[BlackElo "2534"]
[Annotator "ChessBase"]
[PlyCount "94"]
[EventDate "2019.07.02"]
[EventCountry "GRE"]
[SourceTitle "playchess.com"]
[Source "ChessBase"]
[SourceQuality "1"]
[TimeControl "5400+30"]

1. e4 {[%emt 0:00:25]} e6 {[%emt 0:00:00]} 2. d4 {[%emt 0:00:06]} d5 {[%emt 0:00:00]} 3. Nd2 {[%emt 0:02:02]} c5 {[%emt 0:00:00]} 4. exd5 Qxd5 {[%emt 0:01:03]} 5. Ngf3 {[%emt 0:01:22]} cxd4 {[%emt 0:00:00]} 6. Bc4 {[%emt 0:00:07]} Qd8 {[%emt 0:00:00]} 7. O-O {[%emt 0:00:02]} Nc6 {[%emt 0:01:35]} 8. Qe2 {[%emt 0:02:05]} a6 {[%emt 0:01:05]} 9. Rd1 {[%emt 0:06:05]} Qc7 {[%emt 0:03:14]} 10. Ne4 {[%emt 0:05:32]} Nge7 {[%emt 0:09:51]} 11. c3 {[%emt 0:10:06]} d3 {[%emt 0:19:04]} 12. Qxd3 {[%emt 0:00:37]} Ng6 {[%emt 0:00:59]} 13. Be3 {[%emt 0:12:56]} Na5 {[%emt 0:00:05]} 14. Bb3 {[%emt 0:05:43]} Be7 {[%emt 0:03:42]} 15. Nd6+ {[%emt 0:01:18]} Bxd6 {[%emt 0:00:06]} 16. Qxd6 {[%emt 0:00:10]} Qxd6 {[%emt 0:00:00]} 17. Rxd6 {[%emt 0:00:00]} O-O {[%emt 0:11:52]} 18. Nd2 {[%emt 0:07:38]} Nxb3 {[%emt 0:03:10]} 19. axb3 {[%emt 0:11:16]} Ne7 {[%emt 0:01:00]} 20. Bc5 {[%emt 0:02:39]} Re8 {[%emt 0:03:57]} 21. Nc4 {[%emt 0:03:02]} Nd5 {[%emt 0:01:18]} 22. Re1 {[%emt 0:01:08]} b5 {[%emt 0:01:53]} 23. Rxd5 {[%emt 0:00:06]} bxc4 {[%emt 0:00:21]} 24. bxc4 {[%emt 0:01:23]} a5 {[%emt 0:08:33]} 25. Bb6 {[%emt 0:04:12]} a4 {[%emt 0:00:31]} 26. c5 {[%emt 0:04:21]} Bb7 {[%emt 0:01:35]} 27. Rd6 {[%emt 0:02:15]} Rec8 {[%emt 0:05:32]} 28. Ra1 {[%emt 0:01:16]} Kf8 {[%emt 0:00:18]} 29. f3 {[%emt 0:03:03]} g5 {[%emt 0:01:49]} 30. Kf2 {[%emt 0:00:12]} Ke7 {[%emt 0:05:01]} 31. Rd4 {[%emt 0:00:11]} Bc6 {[%emt 0:00:13]} 32. h4 {[%emt 0:00:19]} h6 {[%emt 0:01:01]} 33. hxg5 {[%emt 0:00:05]} hxg5 {[%emt 0:01:11]} 34. Rg4 {[%emt 0:03:32]} Rg8 {[%emt 0:02:08]} 35. Bc7 {[%emt 0:00:43]} f6 {[%emt 0:00:43]} 36. Bd6+ {[%emt 0:01:12]} Kf7 {[%emt 0:00:08]} 37. Rb4 {[%emt 0:00:56]} e5 {[%emt 0:01:40]} 38. Rb6 {[%emt 0:05:09]} Rac8 {[%emt 0:05:46]} 39. b4 {[%emt 0:00:33]} axb3 {[%emt 0:00:00]} 40. Raa6 {[%emt 0:00:00]} Bd5 {[%emt 0:00:00]} 41. Ra7+ {[%emt 0:00:00]} Kg6 {[%emt 0:00:00]} 42. Ra4 {[%emt 0:00:00]} Rge8 {[%emt 0:00:00]} 43. c4 {[%emt 0:00:00]} Ba8 {[%emt 0:00:00]} 44. Rxb3 {[%emt 0:00:00]} e4 {[%emt 0:00:00]} 45. Re3 {[%emt 0:00:00]} exf3 46. Re5 {[%emt 2:30:21]} Re7 {[%emt 0:00:00]} 47. Rxe7 {[%emt 0:00:00]} Re8 {[%emt 0:00:00]} 1/2-1/2

[Event "47th GRE-chT 2019"]
[Site "Patra"]
[Date "2019.07.05"]
[Round "6.12"]
[White "Tzermiadianos, Andreas"]
[Black "Papadopoulos, Georgios"]
[Result "0-1"]
[WhiteElo "2438"]
[BlackElo "2378"]
[Annotator "NA"]
[PlyCount "68"]
[EventDate "2019.07.02"]
[EventCountry "GRE"]
[SourceTitle "playchess.com"]
[Source "ChessBase"]
[SourceQuality "1"]
[TimeControl "5400+30"]

1. e4 {[%emt 0:00:00]} e5 {[%emt 0:00:00]} 2. Bc4 {[%emt 0:00:00]} Nf6 {[%emt 0:00:00]} 3. d3 {[%emt 0:00:00]} Nc6 {[%emt 0:00:00]} 4. Nf3 {[%emt 0:00:20]} Be7 {[%emt 0:00:00]} 5. O-O {[%emt 0:00:43]} O-O {[%emt 0:00:03]} 6. Re1 {[%emt 0:00:29]} d6 {[%emt 0:00:14]} 7. a4 {[%emt 0:00:10]} Kh8 {[%emt 0:00:07]} 8. h3 {[%emt 0:00:44]} Ng8 {[%emt 0:01:11]} 9. Nc3 {[%emt 0:00:24]} f5 {[%emt 0:00:02]} 10. Nd5 {[%emt 0:00:14]} fxe4 {[%emt 0:00:06]} 11. dxe4 {[%emt 0:00:21]} Nf6 {[%emt 0:00:06]} 12. c3 {[%emt 0:03:57]} Qd7 {[%emt 0:00:11]} 13. a5 {[%emt 0:04:28]} a6 {[%emt 0:00:13]} 14. b4 {[%emt 0:00:51]} Bd8 {[%emt 0:00:16]} 15. Nh2 {[%emt 0:08:21]} Qe8 {[%emt 0:02:35]} 16. Nf1 {[%emt 0:02:38]} Nh5 {[%emt 0:14:29]} 17. Be2 {[%emt 0:07:50]} Nf4 {[%emt 0:06:38]} 18. Bg4 {[%emt 0:01:26]} Qf7 {[%emt 0:14:23]} 19. Be3 {[%emt 0:07:49]} Bxg4 {[%emt 0:03:51]} 20. hxg4 {[%emt 0:00:36]} Ne7 {[%emt 0:18:20]} 21. Nxe7 {[%emt 0:09:56]} Bxe7 {[%emt 0:00:57]} 22. Bxf4 {[%emt 0:03:37]} Qxf4 {[%emt 0:01:47]} 23. f3 {[%emt 0:01:25]} Bg5 {[%emt 0:06:17]} 24. Qd3 {[%emt 0:04:04]} Qf6 {[%emt 0:01:46]} 25. Rad1 {[%emt 0:03:56]} Qh6 {[%emt 0:06:46]} 26. Re2 {[%emt 0:02:23]} Bf4 {[%emt 0:01:52]} 27. Qd5 {[%emt 0:02:46]} Rab8 {[%emt 0:02:23]} 28. c4 {[%emt 0:01:31]} Qh4 {[%emt 0:03:14]} 29. c5 {[%emt 0:03:04]} Rf6 {[%emt 0:03:01]} 30. Qc4 {[%emt 0:04:18]} Rh6 {[%emt 0:01:36]} 31. cxd6 {[%emt 0:00:38]} cxd6 {[%emt 0:03:02]} 32. Rc2 {[%emt 0:00:20]} Rf8 {[%emt 0:04:23]} 33. Qf7 {[%emt 0:02:51]} Bh2+ {[%emt 0:01:09]} 34. Nxh2 {[%emt 0:00:17]} Qxh2+ {[%emt 0:00:02]} 0-1

[Event "47th GRE-chT 2019"]
[Site "Patra"]
[Date "2019.07.05"]
[Round "6.13"]
[White "Koutoukidis, Panagiotis"]
[Black "Sandalakis, Angelos"]
[Result "1/2-1/2"]
[WhiteElo "2344"]
[BlackElo "2429"]
[Annotator "NA"]
[PlyCount "98"]
[EventDate "2019.07.02"]
[EventCountry "GRE"]
[SourceTitle "playchess.com"]
[Source "ChessBase"]
[SourceQuality "1"]
[TimeControl "5400+30"]

1. e4 {[%emt 0:00:00]} c5 {[%emt 0:00:00]} 2. Nf3 {[%emt 0:00:00]} Nc6 {[%emt 0:00:00]} 3. d4 {[%emt 0:00:00]} cxd4 {[%emt 0:00:00]} 4. Nxd4 {[%emt 0:00:00]} g6 {[%emt 0:00:00]} 5. c4 {[%emt 0:00:28]} Nf6 {[%emt 0:00:00]} 6. Nc3 {[%emt 0:00:07]} Nxd4 {[%emt 0:00:00]} 7. Qxd4 {[%emt 0:00:05]} d6 {[%emt 0:00:02]} 8. Be3 {[%emt 0:00:09]} Bg7 {[%emt 0:00:06]} 9. f3 {[%emt 0:00:06]} O-O {[%emt 0:00:13]} 10. Qd2 {[%emt 0:00:03]} a5 {[%emt 0:00:07]} 11. Rc1 {[%emt 0:08:18]} a4 {[%emt 0:00:06]} 12. Be2 {[%emt 0:01:02]} Be6 {[%emt 0:00:15]} 13. Kf2 {[%emt 0:00:58]} Nd7 {[%emt 0:12:14]} 14. Rhd1 {[%emt 0:04:31]} f5 {[%emt 0:08:18]} 15. exf5 {[%emt 0:00:41]} Rxf5 {[%emt 0:00:25]} 16. Nb5 {[%emt 0:06:55]} Nc5 {[%emt 0:23:35]} 17. Kg1 {[%emt 0:03:05]} Bd7 {[%emt 0:00:28]} 18. f4 {[%emt 0:18:33]} b6 {[%emt 0:14:31]} 19. Bf3 {[%emt 0:10:03]} Rc8 {[%emt 0:00:34]} 20. Nc3 {[%emt 0:02:56]} Rb8 {[%emt 0:03:51]} 21. Nd5 {[%emt 0:06:25]} Rf7 {[%emt 0:02:18]} 22. Bd4 {[%emt 0:06:03]} Bh6 {[%emt 0:01:00]} 23. g3 {[%emt 0:01:46]} Ne6 {[%emt 0:09:28]} 24. Bc3 {[%emt 0:03:56]} Nc5 {[%emt 0:02:52]} 25. Ne3 {[%emt 0:03:52]} Qf8 {[%emt 0:01:31]} 26. Bd5 {[%emt 0:03:43]} Be6 {[%emt 0:00:44]} 27. Bxe6 {[%emt 0:07:30]} Nxe6 {[%emt 0:00:01]} 28. Qd5 {[%emt 0:03:32]} Qc8 {[%emt 0:03:03]} 29. Re1 {[%emt 0:00:00]} Bf8 {[%emt 0:00:51]} 30. Rcd1 {[%emt 0:04:32]} Nc5 {[%emt 0:01:40]} 31. Qf3 {[%emt 0:01:44]} Ne6 {[%emt 0:03:05]} 32. Qd5 {[%emt 0:00:55]} Nc5 {[%emt 0:00:25]} 33. Nc2 {[%emt 0:00:53]} Qf5 {[%emt 0:01:14]} 34. Qxf5 {[%emt 0:00:29]} gxf5 {[%emt 0:00:17]} 35. Nd4 {[%emt 0:01:18]} Rc8 {[%emt 0:00:10]} 36. Bb4 {[%emt 0:00:54]} Bg7 {[%emt 0:01:02]} 37. Kg2 {[%emt 0:01:08]} Na6 {[%emt 0:00:08]} 38. Bc3 {[%emt 0:01:24]} Rxc4 {[%emt 0:00:06]} 39. a3 {[%emt 0:00:54]} Nc5 {[%emt 0:02:03]} 40. Ne2 {[%emt 0:00:00]} Re4 {[%emt 0:00:00]} 41. Bxg7 {[%emt 0:00:00]} Kxg7 {[%emt 0:00:00]} 42. Nc3 {[%emt 0:00:00]} Rxe1 {[%emt 0:00:00]} 43. Rxe1 {[%emt 0:00:00]} e6 {[%emt 0:00:00]} 44. Rd1 {[%emt 0:00:00]} d5 {[%emt 0:00:00]} 45. Rd4 {[%emt 0:00:00]} b5 {[%emt 0:00:00]} 46. Rb4 {[%emt 0:00:00]} Rb7 {[%emt 0:00:00]} 47. Rxb5 {[%emt 0:00:00]} Rxb5 {[%emt 0:00:00]} 48. Nxb5 {[%emt 0:00:00]} Nd3 {[%emt 0:00:00]} 49. Nd4 {[%emt 0:00:00]} Nxb2 {[%emt 0:00:00]} 1/2-1/2

[Event "47th GRE-chT 2019"]
[Site "Patra"]
[Date "2019.07.05"]
[Round "6.13"]
[White "Sigalas, Frangiskos"]
[Black "Papadopoulos, Nikolaos"]
[Result "0-1"]
[WhiteElo "2228"]
[BlackElo "2272"]
[Annotator "NA RC"]
[PlyCount "180"]
[EventDate "2019.07.02"]
[EventCountry "GRE"]
[SourceTitle "playchess.com"]
[Source "ChessBase"]
[SourceQuality "1"]
[TimeControl "5400+30"]

1. e4 {[%emt 0:00:10]} c5 {[%emt 0:01:56]} 2. Nf3 {[%emt 0:00:39]} Nc6 {[%emt 0:01:20]} 3. d4 {[%emt 0:00:12]} cxd4 {[%emt 0:00:09]} 4. Nxd4 {[%emt 0:00:08]} g6 {[%emt 0:00:51]} 5. c4 {[%emt 0:00:29]} Nf6 {[%emt 0:00:17]} 6. Nc3 {[%emt 0:00:19]} d6 {[%emt 0:00:34]} 7. Be2 {[%emt 0:02:12]} Bg7 {[%emt 0:00:13]} 8. Be3 {[%emt 0:02:03]} O-O {[%emt 0:00:39]} 9. Qd2 {[%emt 0:07:31]} Nxd4 {[%emt 0:06:31]} 10. Bxd4 {[%emt 0:02:15]} Bd7 {[%emt 0:01:28]} 11. O-O {[%emt 0:01:33]} Bc6 {[%emt 0:01:13]} 12. f3 {[%emt 0:00:49]} a5 {[%emt 0:00:47]} 13. b3 {[%emt 0:04:54]} Nd7 {[%emt 0:02:20]} 14. Be3 {[%emt 0:00:17]} Nc5 {[%emt 0:01:10]} 15. Rac1 {[%emt 0:19:59]} Qb6 {[%emt 0:14:46]} 16. Rc2 {[%emt 0:03:08]} Rfc8 {[%emt 0:03:03]} 17. Rb1 {[%emt 0:01:39]} Qd8 {[%emt 0:08:13]} 18. Bf1 {[%emt 0:24:05]} Be5 {[%emt 0:13:53]} 19. a3 {[%emt 0:04:59]} Bg7 {[%emt 0:06:09]} 20. b4 {[%emt 0:02:37]} axb4 {[%emt 0:00:18]} 21. axb4 {[%emt 0:00:08]} Na4 {[%emt 0:04:32]} 22. Nd5 {[%emt 0:05:55]} e6 {[%emt 0:05:42]} 23. Nf4 {[%emt 0:02:54]} Qe7 {[%emt 0:05:11]} 24. Rd1 {[%emt 0:01:34]} Rd8 {[%emt 0:00:51]} 25. b5 {[%emt 0:06:34]} Be8 {[%emt 0:00:31]} 26. Ra2 {[%emt 0:00:29]} Qc7 {[%emt 0:11:42]} 27. Ra3 {[%emt 0:03:30]} Bf8 {[%emt 0:06:21]} 28. Rda1 {[%emt 0:01:15]} Nb6 {[%emt 0:01:00]} 29. Rxa8 {[%emt 0:00:21]} Rxa8 {[%emt 0:01:14]} 30. Rxa8 {[%emt 0:00:07]} Nxa8 {[%emt 0:00:01]} 31. Qa2 {[%emt 0:01:07]} Qc8 {[%emt 0:01:32]} 32. Nd3 {[%emt 0:01:03]} Nc7 {[%emt 0:00:12]} 33. Qa5 {[%emt 0:00:42]} Bd7 {[%emt 0:00:46]} 34. Bb6 {[%emt 0:00:23]} Ne8 {[%emt 0:00:20]} 35. Qa2 {[%emt 0:00:31]} Bg7 {[%emt 0:00:46]} 36. Nb4 {[%emt 0:00:32]} f5 {[%emt 0:00:49]} 37. exf5 {[%emt 0:00:44]} gxf5 {[%emt 0:00:02]} 38. Qd2 {[%emt 0:00:30]} Kf7 {[%emt 0:00:27]} 39. f4 {[%emt 0:00:10]} Bf6 {[%emt 0:01:05]} 40. Bd3 {[%emt 0:00:00]} Bd8 {[%emt 0:00:00]} 41. Bd4 {[%emt 0:00:00]} Bf6 {[%emt 0:00:00]} 42. Be3 {[%emt 0:00:00]} d5 {[%emt 0:00:00]} 43. Qe2 {[%emt 0:00:00]} dxc4 {[%emt 0:00:00]} 44. Bxc4 {[%emt 0:00:00]} Nd6 {[%emt 0:00:00]} 45. Bd3 {[%emt 0:00:00]} Qc3 {[%emt 0:00:00]} 46. Nc2 {[%emt 0:00:00]} Qb2 {[%emt 0:00:00]} 47. b6 {[%emt 0:00:00]} Bc6 {[%emt 0:00:00]} 48. Qd2 {[%emt 0:02:28]} Qc3 {[%emt 0:00:39]} 49. Qxc3 {[%emt 0:00:43]} Bxc3 {[%emt 0:00:02]} 50. Bc5 {[%emt 0:01:37]} Be4 {[%emt 0:00:48]} 51. Nb4 {[%emt 0:01:12]} Bxd3 {[%emt 0:02:45]} 52. Nxd3 {[%emt 0:00:15]} Nc4 {[%emt 0:00:09]} 53. Kf2 {[%emt 0:00:52]} Ba5 {[%emt 0:00:40]} 54. Kf3 {[%emt 0:00:38]} Nxb6 {[%emt 0:00:52]} 55. g4 {[%emt 0:00:30]} Nd7 {[%emt 0:01:24]} 56. Bd4 {[%emt 0:00:15]} Bc7 {[%emt 0:00:36]} 57. h3 {[%emt 0:00:26]} Bd6 {[%emt 0:00:36]} 58. Bc3 {[%emt 0:00:59]} b5 {[%emt 0:00:24]} 59. Ba5 {[%emt 0:00:32]} Nf6 {[%emt 0:00:43]} 60. Bd2 {[%emt 0:00:16]} Nd5 {[%emt 0:00:20]} 61. Nc1 {[%emt 0:00:09]} b4 {[%emt 0:00:44]} 62. Nb3 {[%emt 0:00:07]} Nb6 {[%emt 0:00:47]} 63. Nd4 {[%emt 0:00:38]} Bc5 {[%emt 0:00:33]} 64. gxf5 {[%emt 0:00:48]} Bxd4 {[%emt 0:00:09]} 65. fxe6+ {[%emt 0:00:08]} Kxe6 {[%emt 0:00:06]} 66. Bxb4 {[%emt 0:00:05]} Kf5 {[%emt 0:00:16]} 67. Bd6 {[%emt 0:00:47]} Nd5 {[%emt 0:00:18]} 68. Bb8 {[%emt 0:00:25]} Be3 {[%emt 0:00:44]} 69. Bd6 {[%emt 0:00:26]} Bxf4 {[%emt 0:00:09]} 70. Bc5 {[%emt 0:00:08]} Nc7 {[%emt 0:00:37]} 71. Bb6 {[%emt 0:00:51]} Ne6 {[%emt 0:00:09]} 72. Bf2 {[%emt 0:00:52]} Ng5+ {[%emt 0:00:18]} 73. Kg2 {[%emt 0:00:07]} Ke4 {[%emt 0:00:13]} 74. Bh4 {[%emt 0:00:12]} Ne6 {[%emt 0:00:21]} 75. Bf2 {[%emt 0:00:24]} Be5 {[%emt 0:01:08]} 76. Bg1 {[%emt 0:01:36]} Ng7 {[%emt 0:01:38]} 77. Bb6 {[%emt 0:00:11]} Nf5 {[%emt 0:00:08]} 78. Bf2 {[%emt 0:00:27]} Bd4 {[%emt 0:00:33]} 79. Be1 {[%emt 0:00:14]} h5 {[%emt 0:00:12]} 80. Bd2 {[%emt 0:00:26]} Be5 {[%emt 0:00:13]} 81. Kf2 {[%emt 0:00:46]} Bd4+ {[%emt 0:00:47]} 82. Kg2 {[%emt 0:00:09]} Kd3 {[%emt 0:00:16]} 83. Bg5 {[%emt 0:01:00]} Ke2 {[%emt 0:00:08]} 84. Bf4 {[%emt 0:00:38]} Bf2 {[%emt 0:00:15]} 85. Bg5 {[%emt 0:00:08]} Be1 {[%emt 0:01:29]} 86. Bf4 {[%emt 0:00:47]} Nh4+ {[%emt 0:00:40]} 87. Kh2 {[%emt 0:00:23]} Kf3 {[%emt 0:00:41]} 88. Bg5 {[%emt 0:00:40]} Nf5 {[%emt 0:00:24]} 89. Bd8 {[%emt 0:00:27]} Bg3+ {[%emt 0:00:14]} 90. Kh1 {[%emt 0:00:51]} Bf4 {[%emt 0:00:17]} 0-1

[Event "47th GRE-chT 2019"]
[Site "Patra"]
[Date "2019.07.05"]
[Round "6.14"]
[White "Kanakaris, Georgios"]
[Black "Stathopoulos, Ioannis"]
[Result "1/2-1/2"]
[WhiteElo "2409"]
[BlackElo "2248"]
[Annotator "NA"]
[PlyCount "86"]
[EventDate "2019.07.02"]
[EventCountry "GRE"]
[SourceTitle "playchess.com"]
[Source "ChessBase"]
[SourceQuality "1"]
[TimeControl "5400+30"]

1. d4 {[%emt 0:00:00]} Nf6 {[%emt 0:00:00]} 2. Nf3 {[%emt 0:00:00]} g6 {[%emt 0:00:00]} 3. g3 {[%emt 0:00:00]} Bg7 {[%emt 0:00:00]} 4. Bg2 {[%emt 0:00:00]} O-O {[%emt 0:00:00]} 5. O-O {[%emt 0:00:00]} d6 {[%emt 0:00:00]} 6. c4 {[%emt 0:00:00]} Nbd7 {[%emt 0:00:04]} 7. Nc3 {[%emt 0:00:03]} c6 {[%emt 0:01:37]} 8. e4 {[%emt 0:00:02]} e5 {[%emt 0:00:16]} 9. h3 {[%emt 0:00:19]} Qb6 {[%emt 0:02:04]} 10. c5 {[%emt 0:00:07]} dxc5 {[%emt 0:00:05]} 11. dxe5 {[%emt 0:00:16]} Ne8 {[%emt 0:00:22]} 12. Na4 {[%emt 0:01:24]} Qa6 {[%emt 0:00:24]} 13. Qc2 {[%emt 0:00:14]} b6 {[%emt 0:04:56]} 14. e6 {[%emt 0:00:11]} fxe6 {[%emt 0:01:08]} 15. Rd1 {[%emt 0:04:20]} Qb7 {[%emt 0:25:38]} 16. Bf4 {[%emt 0:00:19]} e5 {[%emt 0:00:26]} 17. Qb3+ {[%emt 0:00:07]} Kh8 {[%emt 0:00:29]} 18. Be3 {[%emt 0:03:26]} Nb8 {[%emt 0:12:56]} 19. Rd8 {[%emt 0:00:55]} Bf6 {[%emt 0:00:08]} 20. Rd2 {[%emt 0:01:13]} Ng7 {[%emt 0:03:12]} 21. Bh6 {[%emt 0:01:29]} Re8 {[%emt 0:02:11]} 22. Ng5 {[%emt 0:01:01]} Ne6 {[%emt 0:00:14]} 23. Nxe6 {[%emt 0:01:03]} Rxe6 {[%emt 0:05:18]} 24. Rad1 {[%emt 0:00:42]} Re8 {[%emt 0:06:52]} 25. Rd6 {[%emt 0:00:06]} Qe7 {[%emt 0:00:23]} 26. Qa3 {[%emt 0:04:26]} Bb7 {[%emt 0:01:14]} 27. h4 {[%emt 0:02:02]} c4 {[%emt 0:03:26]} 28. Bh3 {[%emt 0:20:11]} c5 {[%emt 0:01:14]} 29. Re6 {[%emt 0:01:44]} Qxe6 {[%emt 0:00:17]} 30. Bxe6 {[%emt 0:00:04]} Rxe6 {[%emt 0:01:50]} 31. Qf3 {[%emt 0:07:11]} Nc6 {[%emt 0:10:31]} 32. Rd7 {[%emt 0:00:03]} Nd4 {[%emt 0:00:04]} 33. Qg4 {[%emt 0:00:23]} Bc8 {[%emt 0:00:06]} 34. Rf7 {[%emt 0:00:12]} Re8 {[%emt 0:00:11]} 35. Qd1 {[%emt 0:00:09]} Be7 {[%emt 0:00:59]} 36. h5 {[%emt 0:00:58]} g5 {[%emt 0:05:17]} 37. Kg2 {[%emt 0:06:59]} Be6 {[%emt 0:00:11]} 38. Rxe7 {[%emt 0:00:08]} Rxe7 {[%emt 0:01:49]} 39. Qc1 {[%emt 0:00:46]} Rg8 {[%emt 0:00:00]} 40. Bxg5 {[%emt 0:00:00]} Rf7 {[%emt 0:00:00]} 41. h6 {[%emt 0:00:00]} Nf3 {[%emt 0:00:00]} 42. Be3 {[%emt 0:00:00]} Rd8 {[%emt 0:00:00]} 43. Nc3 {[%emt 0:00:00]} Rd3 {[%emt 0:00:00]} 1/2-1/2